Facades.

Detaylı Bibliyografya
Diğer Yazarlar: Braun, Markus Sebastian
Materyal Türü: Kitap
Dil:English
Baskı/Yayın Bilgisi: [Berlin?] : Braun, 2008.
Seri Bilgileri:Architectural details
Konular:
Classic Catalogue: View this record in Classic Catalogue
LEADER 01171nam a2200265 a 4500
001 0017824
003 BD-DhAAL
008 090330s2008 gw a 000 0 eng d
020 |a 9783938780381 (hbk.) :   |c  Đ19.95 
020 |a 393878038X (hbk.) :   |c  Đ19.95 
020 |a 9783938780435 (pbk.) :   |c  No price 
040 |a  StDuBDS   |b  eng   |c  StDuBDS   |d  Uk  |d BD-DhAAL 
082 0 4 |a 729.1  |2 22 
245 0 0 |a Facades. 
260 |a [Berlin?] :  |b Braun,  |c 2008. 
300 |a 157 pages :  |b color illustrations ;  |c 25 cm 
490 0 |a Architectural details 
526 |a ARC  |x Md. Shajjad Hossain, Faculty members of the Department of Architecture 
541 1 |e 0017824  |a Zeenat Book Supply LTD 
650 0 |a  Facades   |z  Europe   |v  Pictorial works.  |9 31865 
700 1 |a Braun, Markus Sebastian.  |9 31866 
852 4 |a Ayesha Abed Library  |c General Stacks 
942 0 0 |0 1  |2 ddc  |c BK 
999 |c 59  |d 59 
952 |0 0  |1 0  |2 ddc  |4 0  |6 729_100000000000000_FAC_2008  |7 0  |9 53  |a BRACUL  |b BRACUL  |c GEN  |d 2009-04-28  |e Zeenat Book Supply Limited  |g 2693.00  |l 15  |m 110  |o 729.1 FAC  |p 3010017824  |r 2025-08-31  |s 2025-08-12  |t 1  |w 2009-04-28  |y BK  |x Requisitioned by Md. Shajjad Hossain (Faculty members of the Department of Architecture).